Formális logika, dialektikus logika. Tanulmány
Elmentve itt :
| Szerző: | |
|---|---|
| Adatforrás: | Philobibl |
| Dokumentumtípus: | Könyv |
| Nyelv: | magyar |
| Megjelent: |
Bp.
Hungária
1949
|
| LEADER | 00346nam a2200121 c 4500 | ||
|---|---|---|---|
| 001 | bibDOK00009053 | ||
| 005 | 20200924120450.5 | ||
| 008 | 060518s1949 hu hun | ||
| 100 | 1 | |a Lefebvre, Henri | |
| 245 | 1 | 0 | |a Formális logika, dialektikus logika. Tanulmány |c Lefebvre, Henri |
| 260 | |a Bp. |b Hungária |c 1949 | ||
| 300 | |a 264 p. | ||
| 500 | |a Mrsán Jenő (ford.) | ||